00427nam a2200157Ia 450000500170000000800410001704100080005808200130006610000130007924500760009226000510016830000080021950000150022765000140024270000130025620230422105607.0230125s9999 xx 000 0 und d aeng a330bMAL aMalkar Y aAahe Uttar Aahe!bPantapradhan Narendra Modi Yanni aikleli Aarthakranti c2016bAarthapurna Publications Pvt. Ltd.aPune a96p aEconomics  aEconomics aMalkar Y